Geography Quiz

Random Geography or City Quiz

Click the Capitals: W-Z Quiz Stats

 Plays Quiz Updated Apr 3, 2018

Challenge
Share
Tweet
Score 0/9 Timer 01:30
60 Plays Today
% Correct
Washington
97.8%
Warsaw
96.2%
Wellington
94.4%
Zagreb
91.2%
Yerevan
85%
Yaoundé
78.5%
Windhoek
77.3%
Yaren
69.4%
Yamoussoukro
65.1%

You're not logged in!

Compare scores with friends on all Sporcle quizzes.
Join for Free
OR
Log In

You Might Also Like...

Show Comments

Extras

Top Quizzes Today


Score Distribution

Your Account Isn't Verified!

In order to create a playlist on Sporcle, you need to verify the email address you used during registration. Go to your Sporcle Settings to finish the process.

Report this User

Report this user for behavior that violates our Community Guidelines.

Details: